Catálogo

Vista normal Vista MARC

Entrada Personal Name

Número de registros utilizados en: 1

001 - CONTROL NUMBER

  • control field: 15906

003 - CONTROL NUMBER IDENTIFIER

  • control field: DLC

005 - DATE AND TIME OF LATEST TRANSACTION

  • control field: 20240701093617.0

008 - FIXED-LENGTH DATA ELEMENTS

  • fixed length control field: 790619n| azannaabn |a aaa

010 ## - LIBRARY OF CONGRESS CONTROL NUMBER

  • LC control number: n 79049309

035 ## - SYSTEM CONTROL NUMBER

  • System control number: (OCoLC)oca00282602

040 ## - CATALOGING SOURCE

  • Original cataloging agency: DLC
  • Language of cataloging: spa
  • Description conventions: rda
  • Transcribing agency: Mx-PuUPA
  • Modifying agency: DLC
  • Modifying agency: NjP
  • Modifying agency: OCoLC
  • Modifying agency: PU
  • Modifying agency: CU
  • Modifying agency: UPB
  • Modifying agency: IU
  • Modifying agency: OCoLC
  • Modifying agency: Mx-PuUPA

046 ## - SPECIAL CODED DATES

  • Birth date: 1939
  • Death date: 2003
  • Source of date scheme: edtf

053 #0 - LC CLASSIFICATION NUMBER

  • Classification number element--single number or beginning number of span: PQ6672.A92

100 1# - HEADING--PERSONAL NAME

  • Personal name: Vázquez Montalbán, Manuel,
  • Dates associated with a name: 1939-

370 ## - ASSOCIATED PLACE

  • Place of birth: Barcelona, España
  • Place of death: Bangkok, Tailandia

374 ## - OCCUPATION

  • Occupation: Autor

375 ## - GENDER

  • Gender: hombre

377 ## - ASSOCIATED LANGUAGE

  • Language code: spa

400 1# - SEE FROM TRACING--PERSONAL NAME

  • Personal name: Vázquez, Manuel,
  • Dates associated with a name: 1939-

400 1# - SEE FROM TRACING--PERSONAL NAME

  • Personal name: Montalbán, Manuel Vázquez

400 1# - SEE FROM TRACING--PERSONAL NAME

  • Personal name: Manolo V, el Empecinado

400 1# - SEE FROM TRACING--PERSONAL NAME

  • Personal name: Vázquez Montalbán, M.
  • Fuller form of name: (Manuel)

400 1# - SEE FROM TRACING--PERSONAL NAME

  • Personal name: Vásquez Montalbán, M.
  • Fuller form of name: (Manuel)

400 1# - SEE FROM TRACING--PERSONAL NAME

  • Personal name: Vásquez Montalbán, Manuel

670 ## - SOURCE DATA FOUND

  • Source citation: Miserachs, X. La Costa Brava, 1966.

670 ## - SOURCE DATA FOUND

  • Source citation: Las Cocinas de España, 1981- :
  • Information found: p. 7 (M. Vázquez Montalbán)

670 ## - SOURCE DATA FOUND

  • Source citation: Movimientos sin éxito, 1969:
  • Information found: t.p. (Manuel Vázquez Montalban)

670 ## - SOURCE DATA FOUND

  • Source citation: Milenio Carvalho, 2004:
  • Information found: jkt. (Manuel Vázquez Montalbán; Barcelona, 1939-Bangkok, 2003)

670 ## - SOURCE DATA FOUND

  • Source citation: Viala, F., Le roman noir à l'encre de l'histoire, c2006:
  • Information found: t.p. (Vásquez Montalbán)

670 ## - SOURCE DATA FOUND

  • Source citation: 678 information transferred to 670, 9 September 2013
  • Information found: (nació en Barcelona en 1939)

670 ## - SOURCE DATA FOUND

  • Source citation: Fútbol, 2006:
  • Information found: title page (Manuel Vásquez Montalbán); cover (Manuel Vázquez Montalbán)